Špekulatívnym fúziám spoločností by malo odzvoniť

Nepoctivé fúzie obchodných spoločností by malo byť minulosťou. Postarať sa má o to novela Obchodného zákonníka, ktorú v polovici augusta 2017 schválila vláda SR. Návrh kladie tiež vyššiu zodpovednosť na štatutárov a spoločníkov firiem a zavádza nástroje proti tzv. bielym koňom.

Na minha lista:
Detalhes bibliográficos
Formato: Capítulo de Livro
Idioma:eslovaco
Assuntos:
Tags: Adicionar Tag
Sem tags, seja o primeiro a adicionar uma tag!

MARC

LEADER 00000naa a2200000 4500
001 0241368
005 20180322065210.9
041 0 |a slo 
044 |a SK 
245 1 0 |a Špekulatívnym fúziám spoločností by malo odzvoniť 
520 |a Nepoctivé fúzie obchodných spoločností by malo byť minulosťou. Postarať sa má o to novela Obchodného zákonníka, ktorú v polovici augusta 2017 schválila vláda SR. Návrh kladie tiež vyššiu zodpovednosť na štatutárov a spoločníkov firiem a zavádza nástroje proti tzv. bielym koňom. 
610 2 0 |a spoločnosti obchodné 
610 2 0 |a osoby právnické 
610 2 0 |a fúzie 
610 2 0 |a zákonník obchodný 
610 2 0 |a Slovensko 
610 2 0 |a zodpovednosť právna 
610 2 0 |a zodpovednosť organizácie